000 00504cam a22001811 4500
001 45395
090 _a45395
100 _a19931026d1942 m y0pory5003 ba
101 0 _apor
102 _aPT
200 1 _aOs segredos do mar
_einiciacão oceanográfica
_fAlberto Candeias
210 9 _aLisboa
_cCosmos,
_d1942
215 _a143 p.
_d19 cm
225 2 _aBiblioteca Cosmos.
_iCiências e técnicas
_h1.ª secção
_v23
675 _a551.46
700 1 _aCandeias,
_bAlberto,
_f1891-1972
801 0 _aPT
_bBN
_gRPC
990 _cLIVROS